Artificial neural networks : concepts and control applications
Αποθηκεύτηκε σε:
| Άλλοι συγγραφείς: | |
|---|---|
| Μορφή: | Βιβλίο |
| Γλώσσα: | English |
| Δημοσίευση: |
Los Alamitos, Calif. :
IEEE Computer Society Press,
c1992
|
| Σειρά: | IEEE Computer Society Press tutorial
|
| Θέματα: | |
| Ετικέτες: |
Προσθήκη ετικέτας
Δεν υπάρχουν, Καταχωρήστε ετικέτα πρώτοι!
|
MARC
| LEADER | 00000cam a2200000 i 4500 | ||
|---|---|---|---|
| 001 | 1/44000 | ||
| 008 | 941103s1992 eng d | ||
| 020 | |a 0818690690 | ||
| 035 | |l 10042169 | ||
| 035 | |a 1995 |c ΚΑΤΣΙΚΑΣ | ||
| 040 | |a GR-MY-UA |b gre |e aacr | ||
| 041 | 0 | |a eng | |
| 082 | 0 | |a 006.3 |2 (20) | |
| 245 | 1 | 0 | |a Artificial neural networks : |b concepts and control applications / |c V. Rao Vemuri |
| 260 | |a Los Alamitos, Calif. : |b IEEE Computer Society Press, |c c1992 | ||
| 300 | |a x, 509 p.; |b ill.; |c 29 cm | ||
| 490 | 1 | |a IEEE Computer Society Press tutorial | |
| 504 | |a Includes bibliographical references (p. 506-507) | ||
| 650 | 0 | 0 | |a Neural networks (Computer science) |
| 650 | 0 | 0 | |a Automatic control. |
| 700 | 1 | |a Vemuri, V. Rao. | |
| 830 | 0 | |a IEEE Computer Society Press tutorial | |
| 852 | |a INST |b SAMOS |e 19941103 |h 006.3 VEM |p 005300004783 |q 005300004783 |t BK |y 0 | ||
| 909 | |a Σ |b 028562 | ||